00306nam a2200121Ia 4500003000400000005001700004008004100021020001900062040002700081100001700108245002800125260003100153OSt20240309152537.0170523s9999 xx 000 0 und d a978-9382174646 cIIMT UNIVERSITY MEERUT aRajput- S.L. 0aApplied Physics (Hindi) aNew Delhi : Vayu Education